000 00281nam a22001217a 4500
008 170523b xxu||||| |||| 00| 0 eng d
041 _aeng
080 _a94
100 _a16
101 _aSHH
245 _aPOWER A NATIONAL SECURITY THE TRAUMAN
_cLEFFLER.V.P
942 _2udc
_cBK
999 _c13956
_d13956